[Event "Rheinland Pfalz Seniors op"]
[Site "Altenkirchen"]
[Date "2023.09.11"]
[Round "7"]
[White "Haertner, Helmut"]
[Black "Schomann, Michael"]
[Result "1-0"]
[WhiteElo "1884"]
[BlackElo "1624"]
[PlyCount "43"]
[EventDate "2023.09.05"]
[EventType "swiss"]
[EventRounds "9"]
[EventCountry "GER"]
[SourceTitle "EXT 2024"]
[Source "ChessBase"]
[SourceDate "2023.10.10"]
[SourceVersion "1"]
[SourceVersionDate "2023.10.10"]
[SourceQuality "1"]

1. Nf3 d5 2. d4 e6 3. c4 c6 4. Nc3 dxc4 5. a4 Bb4 6. Ne5 b5 7. e3 a5 8. axb5 cxb5 9. Qf3 Ra7 10. Bd2 Bxc3 11. Bxc3 Nf6 12. b3 Bb7 13. Qf4 Bd5 14. bxc4 bxc4 15. f3 Qb6 16. e4 Qb3 17. Qc1 Bb7 18. Bxc4 Qb6 19. Rb1 Qc7 20. Bb5+ Nbd7 21. Qa3 Kd8 22. Nxf7+ 1-0

[Event "Pfalz op-B 11th"]
[Site "Neustadt an der Weinstrasse"]
[Date "2020.02.23"]
[Round "4"]
[White "Haertner, Helmut"]
[Black "Stoeckl, Maximilian"]
[Result "1/2-1/2"]
[WhiteElo "1929"]
[BlackElo "1720"]
[PlyCount "59"]
[EventDate "2020.02.21"]
[EventType "swiss"]
[EventRounds "7"]
[EventCountry "GER"]
[SourceTitle "CBM 195 Extra"]
[Source "ChessBase"]
[SourceDate "2020.05.31"]
[SourceVersion "1"]
[SourceVersionDate "2020.05.31"]
[SourceQuality "1"]

1. d4 Nf6 2. Nf3 e6 3. g3 b6 4. Bg2 Bb7 5. 0-0 Be7 6. c4 0-0 7. Nc3 Ne4 8. d5 Nxc3 9. bxc3 Bf6 10. Nd4 e5 11. Nf5 d6 12. e4 Nd7 13. Re1 Ba6 14. Bf1 Nc5 15. a4 Bc8 16. Qc2 g6 17. Ne3 a5 18. Ba3 Bd7 19. Bxc5 bxc5 20. Reb1 Rb8 21. Be2 Qe7 22. Bg4 Bg5 23. Bxd7 Qxd7 24. Rb5 Bxe3 25. fxe3 Rxb5 26. axb5 Ra8 27. Qd1 f5 28. Qc2 fxe4 29. Qxe4 Qf5 30. Qxf5 1/2-1/2

[Event "RLP Seniors op 17th"]
[Site "Neustadt an der Weinstrasse"]
[Date "2019.07.22"]
[Round "3"]
[White "Haertner, Helmut"]
[Black "Syre, Christian"]
[Result "0-1"]
[WhiteElo "1911"]
[BlackElo "2204"]
[PlyCount "94"]
[EventDate "2019.07.20"]
[EventType "swiss"]
[EventRounds "9"]
[EventCountry "GER"]
[SourceTitle "CBM 192 Extra"]
[Source "Chessbase"]
[SourceDate "2019.11.06"]
[SourceVersion "1"]
[SourceVersionDate "2019.11.06"]
[SourceQuality "1"]

1. d4 d6 2. c4 e5 3. d5 f5 4. g3 Nf6 5. Bg2 Be7 6. Nc3 Nbd7 7. Qc2 g6 8. Nh3 a5 9. Bd2 Nc5 10. f3 Bd7 11. Nf2 c6 12. 0-0 Rc8 13. dxc6 bxc6 14. Rae1 0-0 15. Bh6 Rf7 16. Nh3 Nh5 17. Qd2 Ne6 18. Be3 f4 19. Bf2 Qc7 20. Rd1 Rd8 21. Ne4 Bc8 22. Qc3 Ba6 23. Rd2 Nhg7 24. a3 a4 25. Rfd1 Ne8 26. Qc2 Qa5 27. e3 fxg3 28. Bxg3 Nc5 29. Nhg5 Bxg5 30. Nxg5 Rf5 31. f4 Nb3 32. Rd3 exf4 33. Bxf4 Rxg5 34. Bxg5 Qxg5 35. Rf1 d5 36. Qf2 Qe7 37. Rc3 Nd6 38. cxd5 Bxf1 39. Qxf1 c5 40. Qf4 c4 41. e4 Rf8 42. Qg3 Nd4 43. Re3 Re8 44. Qg4 N4f5 45. Re2 Qe5 46. h4 Qg3 47. Qxg3 Nxg3 0-1

[Event "Pfalz-ch MAT2 87th"]
[Site "Landau"]
[Date "2018.03.29"]
[Round "5"]
[White "Haertner, Helmut"]
[Black "Bold, Andre"]
[Result "0-1"]
[WhiteElo "1872"]
[BlackElo "1954"]
[PlyCount "80"]
[EventDate "2018.03.23"]
[EventType "tourn"]
[EventRounds "9"]
[EventCountry "GER"]
[SourceTitle "EXT 2019"]
[Source "ChessBase"]
[SourceDate "2018.10.10"]
[SourceVersion "1"]
[SourceVersionDate "2018.10.10"]
[SourceQuality "1"]

1. d4 d5 2. c4 e6 3. Nc3 c6 4. Nf3 dxc4 5. a4 Bb4 6. e3 b5 7. Bd2 a5 8. Ne5 Bb7 9. Be2 Nf6 10. Bf3 Qc7 11. 0-0 Bxc3 12. Bxc3 Nd5 13. Bxd5 exd5 14. b4 cxb3 15. Qxb3 b4 16. Bb2 Nd7 17. Nd3 Ba6 18. Rfc1 Bc4 19. Rxc4 dxc4 20. Qxc4 Qd6 21. e4 0-0 22. Re1 Rfe8 23. Re3 Qg6 24. f3 Qe6 25. Qc1 Nb6 26. Ne5 Nxa4 27. Ba1 Nb6 28. f4 f6 29. f5 Qd6 30. Ng4 Rad8 31. Qf1 h5 32. Nf2 c5 33. e5 Qd5 34. Rg3 Nd7 35. Nd3 cxd4 36. e6 Nc5 37. Rh3 Nxd3 38. Rxd3 Qe4 39. h3 Rd5 40. Qd1 Qxf5 0-1

[Event "Pfalz-ch MAT2 87th"]
[Site "Landau"]
[Date "2018.03.24"]
[Round "2"]
[White "Mueller, Michael7777"]
[Black "Haertner, Helmut"]
[Result "1/2-1/2"]
[WhiteElo "1990"]
[BlackElo "1872"]
[PlyCount "40"]
[EventDate "2018.03.23"]
[EventType "tourn"]
[EventRounds "9"]
[EventCountry "GER"]
[SourceTitle "EXT 2019"]
[Source "ChessBase"]
[SourceDate "2018.10.10"]
[SourceVersion "1"]
[SourceVersionDate "2018.10.10"]
[SourceQuality "1"]

1. d4 d5 2. Bf4 Nf6 3. e3 c6 4. c3 Bf5 5. Nf3 h6 6. Qb3 Qc8 7. c4 e6 8. Nc3 Nh5 9. Be5 Nd7 10. cxd5 exd5 11. Rc1 f6 12. Bg3 Nxg3 13. hxg3 Nb6 14. a4 Be6 15. Nd2 Qd7 16. Bd3 Bd6 17. a5 Nc8 18. a6 Rb8 19. Qc2 Ne7 20. Na4 b6 1/2-1/2

[Event "Pfalz-ch MAT1 86th"]
[Site "Wolfstein"]
[Date "2017.04.15"]
[Round "9"]
[White "Kopf, Rainer"]
[Black "Haertner, Helmut"]
[Result "1-0"]
[WhiteElo "1980"]
[BlackElo "1888"]
[PlyCount "65"]
[EventDate "2017.04.07"]
[EventType "tourn"]
[EventRounds "9"]
[EventCountry "GER"]
[SourceTitle "EXT 2018"]
[Source "ChessBase"]
[SourceDate "2017.10.13"]
[SourceVersion "1"]
[SourceVersionDate "2017.10.13"]
[SourceQuality "1"]

1. d4 d5 2. Nf3 c6 3. c4 Nf6 4. Nc3 dxc4 5. a4 Bf5 6. e3 e6 7. Bxc4 Nbd7 8. 0-0 Bb4 9. Bd2 0-0 10. h3 h6 11. Qe2 Bh7 12. Rac1 Re8 13. Rfd1 Qa5 14. Bb3 Rad8 15. Na2 Bxd2 16. Nxd2 Nb6 17. Rc5 Qa6 18. Qxa6 bxa6 19. Rxc6 e5 20. Nf3 Be4 21. Rc7 Bd5 22. Bxd5 Nfxd5 23. Rxa7 e4 24. Ne5 f6 25. Nc6 Rd6 26. Nab4 Nxb4 27. Nxb4 Nxa4 28. Nxa6 Kf8 29. Nc7 Re7 30. Rxa4 Rxc7 31. Rda1 Rb6 32. b4 Rc4 33. Ra8+ 1-0